Loading...
Towards a new bretton woods: challenges for the world financial and trading system
| Main Author: | |
|---|---|
| Format: | Printed Book |
| Language: | Undetermined English |
| Published: |
London
Commonwealth Secretariat
1983
|
| Subjects: |
| LEADER | 00594nam a2200169Ia 4500 | ||
|---|---|---|---|
| 008 | 140306s9999 xx 000 0 und d | ||
| 041 | |a eng | ||
| 082 | |a 330 |b RAM/TO | ||
| 100 | |a Helleiner, G K | ||
| 245 | |a Towards a new bretton woods: challenges for the world financial and trading system | ||
| 260 | |a London |b Commonwealth Secretariat |c 1983 | ||
| 300 | |a 147 | ||
| 365 | |b UKP.5.00 | ||
| 650 | |a Economics | ||
| 942 | |2 ddc |c BK | ||
| 999 | |c 111489 |d 111489 | ||
| 952 | |0 0 |1 0 |2 ddc |4 0 |6 330_000000000000000_RAMTO |7 0 |9 109139 |a KAUHCV |b KAUHCV |d 2004-04-05 |g 5.00 |o 330 RAM/TO |p KAU_HCV-20620 |r 2014-03-22 |w 2014-03-22 |y BK | ||